LEADER 01127nam a2200289 i 4500 001 000000238110 003 CaOOAMICUS 005 20150120000000.0 008 150120s1991 it u000 u ita u 013 $a217015 020 $a88-7610-356-2 040 $aSeMil$bita 100 1 $aCorti, Renato,$c.$0(OLS)http://semarc/name/16279 245 10$aIn dialogo con giovani preti /$cRenato Corti. 260 $aMilano [etc.] :$bÀncora,$c1991. 300 $a76 p. ;$c20 cm. 490 0 $aAspetti di vita ;$v2 500 $aFondo card. Giovanni Colombo. 650 4$aSacerdozio - Spiritualità.$0(OLS)http://semarc/subject/2395 830 0$aAspetti di vita ;$v2.$0(OLS)http://semarc/title/6712 850 $aSeMil 852 $aSeMil$W1$xVenegono$y1$m3GC VIII 215/20$j188456$B188456$CSeMilBibl$Z2$F206870 $8B 941 1 $a3 961 $aLascito: Colombo Card. Giovanni 996 $6020$a88-7610-356-2$9(OLS)http://semarc/number/66412 996 $6245$aIn dialogo con giovani preti$9(OLS)http://semarc/title/153372 996 $6260$aMilano [etc.] :$bÀncora$9(OLS)http://semarc/publisher/32331 LEADER 01130nam a2200265 i 4500 001 000000033927 003 CaOOAMICUS 005 20120705000000.0 008 120705s1968 it u000 u ita u 040 $aSeMil$bita 100 1 $aDelhaye, Philippe,$d<1912-1990>.$0(OLS)http://semarc/name/1596 240 13$aLa conscience morale du chrétien.$0(OLS)http://semarc/title/45590 245 13$aLa coscienza morale del cristiano /$cPhilippe Delhaye. 260 $aRoma :$bDesclée & C.,$ccopyr. 1968. 300 $aXX, 262 p. ;$c23 cm. 490 0 $aIl mistero cristiano ;$v.Teologia morale 500 $aContiene : Bibliografia. 650 4$aTeologia morale.$0(OLS)http://semarc/subject/91 650 4$aCoscienza.$0(OLS)http://semarc/subject/441 830 3$aIl mistero cristiano ;$v.Teologia morale.$0(OLS)http://semarc/title/28972 850 $aSeMil 852 $aSeMil$W1$xVenegono$y1$m2E IV 267$j82$B82$CSeMilBibl$Z2$F82 $81 961 $aOmaggio: Donazione 996 $6245$aLa coscienza morale del cristiano$9(OLS)http://semarc/title/45589 996 $6260$aRoma :$bDesclée & C.$9(OLS)http://semarc/publisher/32137